Nota Kursus Transactional Analysis 6 - 12 Disember 1989

Bibliographic Details
Format: Book
Subjects:
Online Access:http://app.inspen.gov.my:7779/pls/portal/docs/PAGE/CORPORATEPAGES/PORTAL_INSPEN/NOTA_KURSUS/TA/ADE.PDF

MARC

LEADER 00000cam a2200000 7i4500
001 0000006810
005 20071119.0
040 |a INS 
090 0 0 |a TA1 
245 0 0 |a Nota Kursus Transactional Analysis 6 - 12 Disember 1989 
500 |a Digital document is available on-line; Please click the URL below 
650 0 0 |a Transactional Analysis 
856 |u http://app.inspen.gov.my:7779/pls/portal/docs/PAGE/CORPORATEPAGES/PORTAL_INSPEN/NOTA_KURSUS/TA/ADE.PDF 
999 |a TA00000001   |b BOOK   |c Course Notes   |e Default branch